[Event "Le Touquet op-B 20th"]
[Site "Le Touquet"]
[Date "2005.10.23"]
[Round "1"]
[White "Lhermitte, Jean Christophe"]
[Black "Demeulandre, Marcel"]
[Result "1-0"]
[WhiteElo "1520"]
[BlackElo "1250"]
[PlyCount "61"]
[EventDate "2005.10.22"]
[EventType "swiss"]
[EventRounds "9"]
[EventCountry "FRA"]
[SourceTitle "EXT 2006"]
[Source "ChessBase"]
[SourceDate "2005.11.24"]
[SourceVersion "1"]
[SourceVersionDate "2005.11.24"]
[SourceQuality "1"]

1. e4 c6 2. Nf3 d5 3. Nc3 Bg4 4. Be2 Bxf3 5. Bxf3 d4 6. Ne2 e5 7. d3 Nf6 8. Bg5 Be7 9. 0-0 0-0 10. Qd2 Nbd7 11. Bh4 Ne8 12. Bxe7 Qxe7 13. c3 c5 14. cxd4 cxd4 15. Rac1 Nef6 16. Ng3 Rac8 17. Qg5 h6 18. Nf5 hxg5 19. Nxe7+ Kh7 20. Nxc8 b6 21. b4 a5 22. a3 g6 23. Rc6 a4 24. Rfc1 Kg7 25. Nxb6 Nb8 26. Rc8 Nbd7 27. Rxf8 Kxf8 28. Nxa4 Kg7 29. Nb2 g4 30. Bd1 g5 31. a4 1-0